00416 2200169 4500001002100000005001500021008004100036035001900077041000700096082000800103090001400111100001500125245003600140260002900176300003000205650001100235INLIS00000000001114820241224114128241224||||||||| | ||| |||| || |  0010-1224011148 aid0 a530 a530 UMA p0 aUmar Yahdi00aPengantar Fisika Listrik Magnet aJakartabGunadarmac1996 a24x17,5 cm, vi, 206 hlm.; 0aFisika